000 00358nam a2200145Ia 4500
008 231011s9999 xx 000 0 und d
041 _aeng
082 _a609
100 _aBerkun Scott
245 _aThe Myths of Innovation
250 _a1st
260 _bShroff Publishers & Distributers Navi Mumbai Navi Mumbai
_c2012
300 _a225
365 _b360
999 _c910574
_d910574